The aunt's story. (Record no. 118552)
[ view plain ]
| 000 -LEADER | |
|---|---|
| fixed length control field | 00627cam a22002411 4500 |
| 001 - CONTROL NUMBER | |
| control field | 465709 |
| 003 - CONTROL NUMBER IDENTIFIER | |
| control field | ARRUPE |
| 005 - DATE AND TIME OF LATEST TRANSACTION | |
| control field | 20140111020020.0 |
| 008 - FIXED-LENGTH DATA ELEMENTS--GENERAL INFORMATION | |
| fixed length control field | 860425s1962 nyu 000 0 eng d |
| 035 ## - SYSTEM CONTROL NUMBER | |
| System control number | (OCoLC)363319 |
| 035 ## - SYSTEM CONTROL NUMBER | |
| System control number | (OCoLC)ocm00363319 |
| 035 ## - SYSTEM CONTROL NUMBER | |
| System control number | (CStRLIN)NYCG86-B42554 |
| 035 ## - SYSTEM CONTROL NUMBER | |
| System control number | (NNC)465709 |
| 040 ## - CATALOGING SOURCE | |
| Original cataloging agency | NNC |
| Transcribing agency | NNC |
| 100 1# - MAIN ENTRY--PERSONAL NAME | |
| Personal name | White, Patrick, |
| Dates associated with a name | 1912-1990. |
| 9 (RLIN) | 3397 |
| 245 14 - TITLE STATEMENT | |
| Title | The aunt's story. |
| 260 ## - PUBLICATION, DISTRIBUTION, ETC. (IMPRINT) | |
| Place of publication, distribution, etc | New York, |
| Name of publisher, distributor, etc | Viking Press |
| Date of publication, distribution, etc | [1962] |
| 300 ## - PHYSICAL DESCRIPTION | |
| Extent | 281 p. |
| 490 1# - SERIES STATEMENT | |
| Series statement | Compass books ; |
| Volume number/sequential designation | C106 |
| 830 #0 - SERIES ADDED ENTRY--UNIFORM TITLE | |
| Uniform title | Compass books ; |
| Volume number/sequential designation | C106. |
| 9 (RLIN) | 3398 |
| 942 ## - ADDED ENTRY ELEMENTS (KOHA) | |
| Source of classification or shelving scheme | Library of Congress Classification |
| Koha item type | Monograph ( Printed materials) |
| Koha issues (borrowed), all copies | 1 |
| Withdrawn status | Lost status | Source of classification or shelving scheme | Damaged status | Not for loan | Home library | Current library | Date acquired | Total Checkouts | Full call number | Barcode | Date last seen | Date checked out | Price effective from | Koha item type |
|---|---|---|---|---|---|---|---|---|---|---|---|---|---|---|
| Library of Congress Classification | ARRUPE LIBRARY | ARRUPE LIBRARY | 06/11/2013 | 1 | PR9619.3.W5A9 1963 | 46411176 | 26/04/2014 | 10/01/2014 | 06/11/2013 | Monograph ( Printed materials) |